000 00291nam a22001337a 4500
008 181105b xxu||||| |||| 00| 0 eng d
020 _a9781560244219
041 _aeng
080 _a316
100 _a50
101 _aSOC
245 _aIntervention Research
_cRothman, J
942 _2udc
_cBK
999 _c51910
_d51910